Black Lightning- Main Characters - Statistics

General Stats
  • This quiz has been taken 9 times
  • The average score is 10 of 23
Answer Stats
Hint Name % Correct
Star track runner for Garfield High, turned villain. Khalil Payne/Painkiller
100%
Medical student, activist and part-time teacher at Garfield High. Anissa Pierce/Thunder/Blackbird
83%
The "Princess of Garfield High" and star athlete. Jennifer 'Jen' Pierce/Lightning
83%
Olympic gold medalist, high-school principal and formerly retired superhero. P. Jefferson 'Jeff' Pierce/Black Lightning
83%
Former corrupt governor, current leader of the 100 Gang. Tobias Whale
83%
The World's first metahuman and current leader of the Markovian military. Tyson Sykes/Gravedigger
83%
Tailor and assistant to the newly returned superhero, former agent for the A.S.A. Agt. Peter Esposito/Peter Gambi
67%
Medical student's former girlfriend. Shay L. Wylde/Grace Choi
67%
A.S.A. agent in charge of the Green Light pods. Agt. Percival 'Percy' Odell
50%
Criminal scientist working with the pods. (deceased-2020) Dr. Helga Jace
50%
Ex-wife of Garfield High's current Principal. Dr. Lynn Stewart
50%
A technopathic metahuman. Geoffrey Baron/Technocrat/T.C.
50%
Member of the 100 responsible for maintaining the Seahorse Motel. (deceased-2018, revived-2018, deceased-2018, resurrected-2019) Latavius 'Lala' Johnson/Tattoo Man
33%
An AI utilised by the medical student. Shonda
33%
Detective involved with bringing in the electric vigilante in 2005. (deceased-2020) DC. William 'Billy' Henderson
17%
A metahuman held by the A.S.A. Devonte Jones
17%
Acting head of the A.S.A. in Freeland. Maj. Sara Grey
17%
A metahuman with the ability to camouflage herself. Maryam Luqman
17%
Reverend of the main church in Freeland. Rev. Jeremiah Holt
17%
A Markovian colonel ordered to abduct a criminal scientist. (deceased-2020) Col. Yuri Mosin
0%
Metahuman coerced into working for the A.S.A. Erica Moran
0%
Real-Life American Journalist. Roland S. Martin
0%
An A.S.A. sergeant who feels disparaged by that the agency does. Sgt. Gardner Grayle
0%
No matching quizzes found
Score Distribution
Percent of People with Each Score
Percentile by Number Answered
Your Score History
You have not taken this quiz